[Event "ODEM U25B 2013"]
[Site "Oberhof GER"]
[Date "2013.05.19"]
[Round "1"]
[White "Schilay, Lorenz"]
[Black "Steiner, Maximilian"]
[Result "1-0"]
[Termination "normal"]
[Board "1"]
[WhiteElo "1543"]
[BlackElo "1195"]
[PlyCount "91"]
[WhiteFideId "12930180"]
[BlackFideId "16202201"]
[EventCountry "GER"]
[EventRounds "9"]
[EventType "swiss"]
[EventDate "2013.05.18"]

1. e4 e5 2. Nf3 Nc6 3. Nc3 Nf6 4. a3 a6 5. d4 exd4 6. Nxd4 Nxd4 7. Qxd4 d6 8.
Bg5 Be7 9. Bc4 O-O 10. O-O h6 11. Bh4 Re8 12. Rae1 Nd7 13. Bxe7 Qxe7 14. Nd5
Qd8 15. f4 c6 16. Ne3 Qf6 17. e5 Qg6 18. Qxd6 Qxd6 19. exd6 Nb6 20. Bb3 Bd7 21.
c4 Nc8 22. c5 b6 23. cxb6 Nxb6 24. Nc4 Nxc4 25. Bxc4 a5 26. Re5 Kf8 27. Rfe1
Rxe5 28. fxe5 Re8 29. Kf2 Be6 30. Bxe6 fxe6 31. Re4 Rb8 32. b4 axb4 33. Rxb4
Rxb4 34. axb4 g6 35. Ke3 Ke8 36. g4 Kd8 37. h4 Kc8 38. Kd4 Kb8 39. g5 h5 40.
Kc5 Kb7 41. d7 Kc7 42. d8=Q+ Kxd8 43. Kxc6 Kc8 44. b5 Kb8 45. Kb6 Kc8 46. Ka7
1-0

[Event "ODEM U25B 2013"]
[Site "Oberhof GER"]
[Date "2013.05.19"]
[Round "1"]
[White "Pixa, Ulrich"]
[Black "Bergauz, Igal"]
[Result "1-0"]
[Termination "normal"]
[Board "3"]
[WhiteElo "1518"]
[BlackElo "1184"]
[PlyCount "101"]
[WhiteFideId "4697723"]
[BlackFideId "12977284"]
[EventCountry "GER"]
[EventRounds "9"]
[EventType "swiss"]
[EventDate "2013.05.18"]

1. e4 c6 2. d4 d5 3. exd5 cxd5 4. c3 Nc6 5. Bd3 Nf6 6. Bf4 g6 7. Nf3 Bg4 8. h3
Bf5 9. Bxf5 gxf5 10. Ne5 Rg8 11. g3 Ne4 12. Nd2 Nxe5 13. Bxe5 Qd7 14. Bf4 e6
15. Qc2 a6 16. Nxe4 fxe4 17. O-O-O b5 18. Kb1 a5 19. Rc1 Rc8 20. Qd2 Qb7 21.
Rc2 Be7 22. Rhc1 Rc6 23. Qe2 Rc4 24. Qh5 b4 25. cxb4 Qxb4 26. Rxc4 dxc4 27. Qe2
c3 28. Rxc3 Kd7 29. Qxe4 Qb5 30. Rc7+ Ke8 31. Qc6+ Qxc6 32. Rxc6 Kd7 33. Rc7+
Kd8 34. Ra7 Ke8 35. Rxa5 Bd8 36. Ra8 Kd7 37. Ra7+ Ke8 38. Bc7 Bxc7 39. Rxc7 Rg6
40. a4 Rg5 41. b4 Rd5 42. Rc4 Kd7 43. Kc2 Kd6 44. Kc3 e5 45. dxe5+ Kxe5 46. Rc5
Rxc5+ 47. bxc5 Kd5 48. Kb4 Kc6 49. f4 h6 50. g4 f6 51. h4 1-0

[Event "ODEM U25B 2013"]
[Site "Oberhof GER"]
[Date "2013.05.19"]
[Round "1"]
[White "Berg, Robert"]
[Black "Hesse, Henrik"]
[Result "0-1"]
[Termination "normal"]
[Board "4"]
[WhiteElo "1174"]
[BlackElo "1701"]
[PlyCount "52"]
[BlackFideId "12952060"]
[EventCountry "GER"]
[EventRounds "9"]
[EventType "swiss"]
[EventDate "2013.05.18"]

1. e4 e5 2. Nf3 Nf6 3. Nc3 Nc6 4. Bc4 Bb4 5. d3 d6 6. O-O Bxc3 7. bxc3 O-O 8.
Bg5 Qe7 9. Re1 Nd8 10. Rb1 Ne6 11. Bxe6 fxe6 12. Qd2 Qf7 13. c4 Nh5 14. d4 exd4
15. Qxd4 e5 16. Qd5 Be6 17. Qxb7 Bxc4 18. Qc6 Rab8 19. Rb7 Rxb7 20. Qxb7 a6 21.
a4 h6 22. Bd2 g5 23. Ba5 g4 24. Nd2 Qxf2+ 25. Kh1 Qxe1+ 26. Nf1 Rxf1# 0-1

[Event "ODEM U25B 2013"]
[Site "Oberhof GER"]
[Date "2013.05.19"]
[Round "1"]
[White "Finkous, Robert"]
[Black "Wu, Erik"]
[Result "1-0"]
[Termination "normal"]
[Board "5"]
[WhiteElo "1481"]
[BlackElo "1169"]
[PlyCount "99"]
[WhiteFideId "12979490"]
[BlackFideId "12977489"]
[EventCountry "GER"]
[EventRounds "9"]
[EventType "swiss"]
[EventDate "2013.05.18"]

1. e4 c5 2. Nf3 Nc6 3. d4 cxd4 4. Nxd4 g6 5. Bc4 Bg7 6. Nb3 Qb6 7. Bd3 d6 8.
Be3 Qd8 9. c3 Nf6 10. N1d2 d5 11. O-O O-O 12. Nd4 dxe4 13. Nxe4 Ne5 14. Nxf6+
Bxf6 15. Be2 b6 16. f4 Nd7 17. Bf3 Rb8 18. Nc6 Qc7 19. Nxb8 Nxb8 20. Qc2 Nc6
21. Rad1 Be6 22. Qa4 Na5 23. Bd5 Bd7 24. Bxf7+ Rxf7 25. Rxd7 Qb8 26. Rfd1 e6
27. Rxf7 Kxf7 28. Qd7+ Be7 29. b3 Nb7 30. f5 gxf5 31. Bg5 Qf8 32. Qxb7 a6 33.
Qd7 Qe8 34. Rd6 Qxd7 35. Rxd7 h5 36. Bxe7 Kg6 37. Rd6 Kf7 38. Bh4 b5 39. Rxa6
f4 40. c4 bxc4 41. bxc4 e5 42. c5 Ke8 43. c6 e4 44. Ra8+ Kf7 45. c7 e3 46. c8=Q
e2 47. Kf2 Kg6 48. Qe6+ Kg7 49. Ra7+ Kf8 50. Qf7# 1-0

[Event "ODEM U25B 2013"]
[Site "Oberhof GER"]
[Date "2013.05.19"]
[Round "1"]
[White "Riehle, Fabio"]
[Black "Preißler, Niklas"]
[Result "0-1"]
[Termination "normal"]
[Board "6"]
[WhiteElo "1167"]
[BlackElo "1746"]
[PlyCount "134"]
[WhiteFideId "36052140"]
[BlackFideId "12927554"]
[EventCountry "GER"]
[EventRounds "9"]
[EventType "swiss"]
[EventDate "2013.05.18"]

1. e4 c5 2. Nf3 d6 3. Bc4 e6 4. Nc3 Nf6 5. d3 Be7 6. O-O a6 7. e5 dxe5 8. Nxe5
Nbd7 9. Re1 Nxe5 10. Rxe5 O-O 11. Bf4 Bd6 12. Qf3 Bxe5 13. Bxe5 Nd7 14. Re1
Nxe5 15. Rxe5 Qd4 16. Rg5 h6 17. Rg4 Qe5 18. Re4 Qg5 19. Rg4 Qc1+ 20. Nd1 Qxc2
21. h3 Qd2 22. Kh2 e5 23. Rg3 Qf4 24. Qh5 Be6 25. Nc3 Bxc4 26. dxc4 Kh7 27. Nd5
Qd4 28. Qf5+ g6 29. Nf6+ Kh8 30. Qf3 Qf4 31. Qxf4 exf4 32. Rd3 Rad8 33. Rb3 Rd4
34. Rxb7 Rxc4 35. Nd5 Kg7 36. f3 Rd8 37. Nc7 Rd2 38. Nxa6 Rcc2 39. Re7 Rxg2+
40. Kh1 Rh2+ 41. Kg1 Rcg2+ 42. Kf1 Rxb2 43. Kg1 Rbg2+ 44. Kf1 Rxa2 45. Kg1 Rhb2
46. Re1 Rxa6 47. Kf1 c4 48. Rc1 Rc6 49. Rc3 Rb3 50. Rc1 c3 51. Ke2 c2 52. Kd2
Rb1 53. Rxc2 Rxc2+ 54. Kxc2 Rh1 55. Kd2 Rxh3 56. Ke2 Rg3 57. Kf2 h5 58. Kf1 h4
59. Kf2 h3 60. Kf1 h2 61. Kf2 h1=Q 62. Ke2 Qxf3+ 63. Ke1 Rg1+ 64. Kd2 Rd1+ 65.
Kc2 Qd3+ 66. Kb2 Rb1+ 67. Ka2 Qb3# 0-1

[Event "ODEM U25B 2013"]
[Site "Oberhof GER"]
[Date "2013.05.19"]
[Round "1"]
[White "Gose, Paul-Lukas"]
[Black "Weiten, Anna"]
[Result "1-0"]
[Termination "normal"]
[Board "7"]
[WhiteElo "1475"]
[BlackElo "1143"]
[PlyCount "73"]
[WhiteFideId "34688994"]
[BlackFideId "12938203"]
[EventCountry "GER"]
[EventRounds "9"]
[EventType "swiss"]
[EventDate "2013.05.18"]

1. d4 d5 2. c4 Nf6 3. Nc3 Nc6 4. Nf3 Bg4 5. e3 e6 6. Be2 Bb4 7. a3 Bd6 8. c5
Be7 9. b4 O-O 10. Bd2 Bxf3 11. Bxf3 e5 12. dxe5 Nxe5 13. O-O c6 14. Qe2 b6 15.
cxb6 axb6 16. Rfd1 Nxf3+ 17. Qxf3 c5 18. Ne2 Qc7 19. Nf4 Rfd8 20. Bc3 Qc6 21.
h3 Qd7 22. Bxf6 Bxf6 23. Rxd5 Qc7 24. Rxd8+ Rxd8 25. Nd5 Qd6 26. Nxf6+ Qxf6 27.
Rd1 h6 28. Rxd8+ Qxd8 29. bxc5 bxc5 30. Qc6 Qe7 31. a4 Qa7 32. Qb5 g5 33. a5 c4
34. Qb6 Qe7 35. a6 Qf8 36. Qc6 Qb4 37. a7 1-0

[Event "ODEM U25B 2013"]
[Site "Oberhof GER"]
[Date "2013.05.19"]
[Round "1"]
[White "Bajorski, Marius"]
[Black "Reimann, Matthias"]
[Result "0-1"]
[Termination "normal"]
[Board "8"]
[WhiteElo "1136"]
[BlackElo "1626"]
[PlyCount "56"]
[WhiteFideId "12938831"]
[BlackFideId "12928046"]
[EventCountry "GER"]
[EventRounds "9"]
[EventType "swiss"]
[EventDate "2013.05.18"]

1. e4 d6 2. d4 Nf6 3. Nc3 g6 4. Nf3 Bg7 5. h3 c6 6. Bd3 O-O 7. Be3 Qc7 8. Qd2
e5 9. dxe5 dxe5 10. O-O-O Rd8 11. Bh6 b5 12. a3 a5 13. Bxg7 Kxg7 14. g4 b4 15.
Nb1 c5 16. c4 Ba6 17. b3 bxa3 18. Nxa3 Nc6 19. Qe3 Nd4 20. Nxd4 cxd4 21. Qg5
Rab8 22. Kb2 a4 23. Nb5 Bxb5 24. cxb5 Qc3+ 25. Kb1 Qxb3+ 26. Ka1 Rbc8 27. Bb1
Qa3+ 28. Ba2 Rc2 0-1

[Event "ODEM U25B 2013"]
[Site "Oberhof GER"]
[Date "2013.05.19"]
[Round "1"]
[White "Gheng, Christian"]
[Black "Zeuner, Ole"]
[Result "1-0"]
[Termination "normal"]
[Board "9"]
[WhiteElo "1696"]
[BlackElo "1135"]
[PlyCount "55"]
[WhiteFideId "24660345"]
[BlackFideId "12943576"]
[EventCountry "GER"]
[EventRounds "9"]
[EventType "swiss"]
[EventDate "2013.05.18"]

1. e4 e5 2. Nf3 Nc6 3. Bb5 Nf6 4. O-O d5 5. d4 exd4 6. Nxd4 Bd7 7. Nc3 Be7 8.
Kh1 O-O 9. Be3 a6 10. Ba4 b5 11. Bb3 Nxd4 12. Bxd4 c5 13. Bxf6 Bxf6 14. Bxd5
Rb8 15. Rb1 b4 16. Ne2 Re8 17. Nf4 Bg5 18. Qh5 g6 19. Nxg6 hxg6 20. Qxg6+ Kh8
21. Qh5+ Kg7 22. Qxf7+ Kh6 23. f4 Be7 24. f5 Rg8 25. f6 Bf8 26. Qxg8 Bb5 27.
Bf7 Bg7 28. Qxg7# 1-0

[Event "ODEM U25B 2013"]
[Site "Oberhof GER"]
[Date "2013.05.19"]
[Round "1"]
[White "Grünwald, Max"]
[Black "Dittrich, Tom"]
[Result "0-1"]
[Termination "normal"]
[Board "10"]
[WhiteElo "1118"]
[BlackElo "1648"]
[PlyCount "40"]
[WhiteFideId "12992283"]
[BlackFideId "12923532"]
[EventCountry "GER"]
[EventRounds "9"]
[EventType "swiss"]
[EventDate "2013.05.18"]

1. e4 c5 2. b4 d6 3. bxc5 dxc5 4. Bb5+ Bd7 5. Nc3 g6 6. Nf3 Bg7 7. Bc4 e6 8. d3
Bxc3+ 9. Bd2 Bg7 10. Rb1 Qc7 11. O-O Ne7 12. Bg5 Nbc6 13. Rb3 O-O 14. Bxe7 Nxe7
15. Ng5 h6 16. Nf3 a6 17. d4 cxd4 18. Be2 e5 19. Qb1 Rab8 20. Qb2 Ba4 0-1

[Event "ODEM U25B 2013"]
[Site "Oberhof GER"]
[Date "2013.05.19"]
[Round "1"]
[White "Fischer, Elias"]
[Black "Wiemann, Daniel"]
[Result "1-0"]
[Termination "normal"]
[Board "11"]
[WhiteElo "1452"]
[BlackElo "1457"]
[PlyCount "59"]
[WhiteFideId "12963305"]
[BlackFideId "12942944"]
[EventCountry "GER"]
[EventRounds "9"]
[EventType "swiss"]
[EventDate "2013.05.18"]

1. Nf3 Nc6 2. g3 e5 3. d3 Nf6 4. Bg2 d6 5. O-O g6 6. Nbd2 Bg7 7. c3 Bd7 8. Qc2
Qe7 9. e4 O-O-O 10. b4 Be6 11. a4 Qd7 12. Ng5 h6 13. Nxe6 fxe6 14. a5 h5 15. b5
Ne7 16. Qb3 d5 17. b6 cxb6 18. axb6 a6 19. Bh3 g5 20. Nf3 Qd6 21. Nxg5 Rdf8 22.
Nxe6 Rfg8 23. Nxg7+ Kb8 24. Ba3 Qd8 25. Ne6 Qe8 26. Bd6+ Ka8 27. Nc7+ Kb8 28.
Nxa6+ Ka8 29. Nc5+ Qa4 30. Qxa4# 1-0

[Event "ODEM U25B 2013"]
[Site "Oberhof GER"]
[Date "2013.05.19"]
[Round "1"]
[White "Lange, Cecilia"]
[Black "Grüninger, Maxim"]
[Result "0-1"]
[Termination "normal"]
[Board "12"]
[WhiteElo "1116"]
[BlackElo "1445"]
[PlyCount "100"]
[WhiteFideId "12976040"]
[BlackFideId "12942960"]
[EventCountry "GER"]
[EventRounds "9"]
[EventType "swiss"]
[EventDate "2013.05.18"]

1. c4 b6 2. Nc3 Bb7 3. Nf3 Nf6 4. d3 Nc6 5. g3 Nd4 6. Bg2 Nxf3+ 7. exf3 e6 8.
O-O h6 9. Bd2 Bd6 10. Qc2 O-O 11. d4 c5 12. dxc5 Bxc5 13. a3 a5 14. Rfb1 Qc7
15. Nb5 Qe5 16. Bf4 Qh5 17. Qd3 Rfe8 18. Nc7 e5 19. Nxe8 exf4 20. Nxf6+ gxf6
21. g4 Qg5 22. Qxd7 Bc8 23. Qd5 Qxd5 24. cxd5 Bd7 25. b4 Bd4 26. Ra2 axb4 27.
Rxb4 Bc5 28. Rb3 Kh7 29. Bf1 Rg8 30. h3 h5 31. Kh2 Rg5 32. d6 Be6 33. Bd3+ Kh6
34. h4 Rg8 35. Rxb6 Bxb6 36. Rb2 Bd4 37. Rb5 hxg4 38. fxg4 Rxg4 39. d7 Rxh4+
40. Kg1 Bxd7 41. Rd5 Bc6 42. Be4 Bxd5 43. Bxd5 Rh3 44. Bxf7 Rxa3 45. Bd5 Be5
46. Kg2 Kg5 47. Kg1 f3 48. Bc4 Ra1+ 49. Bf1 Rb1 50. Kh1 Rxf1# 0-1

[Event "ODEM U25B 2013"]
[Site "Oberhof GER"]
[Date "2013.05.19"]
[Round "1"]
[White "Sherif, Malik"]
[Black "Matuschak, Henry"]
[Result "1-0"]
[Termination "normal"]
[Board "13"]
[WhiteElo "1440"]
[BlackElo "1082"]
[PlyCount "103"]
[WhiteFideId "12911755"]
[EventCountry "GER"]
[EventRounds "9"]
[EventType "swiss"]
[EventDate "2013.05.18"]

1. Nf3 d5 2. g3 Nf6 3. Bg2 Nc6 4. d4 Bg4 5. O-O e6 6. h3 Bh5 7. Nc3 Bb4 8. a3
Ba5 9. Re1 O-O 10. b4 Bb6 11. e3 a6 12. Na4 Ba7 13. Bb2 Ne4 14. Nc3 Qf6 15. Qe2
Ng5 16. g4 Bg6 17. Nxg5 Qxg5 18. Rac1 f5 19. f4 Qf6 20. g5 Qe7 21. Bf3 Qf7 22.
h4 h6 23. h5 Bh7 24. g6 Bxg6 25. hxg6 Qxg6+ 26. Qg2 Rf6 27. Re2 Qh7 28. Kf2 Rg6
29. Qh3 Re8 30. Bh5 Ne7 31. Bxg6 Nxg6 32. Qh5 Rf8 33. Rg1 Kf7 34. Kf1 Kf6 35.
Reg2 Rf7 36. Qxg6+ Qxg6 37. Rxg6+ Ke7 38. Rxg7 Rxg7 39. Rxg7+ Kd8 40. b5 Bb6
41. bxa6 bxa6 42. Na4 Ba7 43. Nc5 Bxc5 44. dxc5 c6 45. Bf6+ Ke8 46. Re7+ Kf8
47. Rxe6 Kf7 48. Rxc6 a5 49. Ra6 h5 50. c6 Ke8 51. Ra7 Kf8 52. c7 1-0

[Event "ODEM U25B 2013"]
[Site "Oberhof GER"]
[Date "2013.05.19"]
[Round "1"]
[White "Schumacher, Aaron"]
[Black "Arnold, Leander"]
[Result "0-1"]
[Termination "normal"]
[Board "14"]
[WhiteElo "1068"]
[BlackElo "1435"]
[PlyCount "44"]
[BlackFideId "12990230"]
[EventCountry "GER"]
[EventRounds "9"]
[EventType "swiss"]
[EventDate "2013.05.18"]

1. d4 d5 2. Nf3 Nf6 3. e3 e6 4. Bd3 c5 5. c3 Nc6 6. Nbd2 Bd6 7. O-O cxd4 8.
exd4 Bb8 9. Qc2 Qc7 10. g3 h6 11. Re1 O-O 12. c4 Nb4 13. Qc3 Nxd3 14. Qxd3 a6
15. Ne5 Nd7 16. Ndf3 Qd8 17. Bd2 Nxe5 18. Nxe5 f5 19. Re2 Ba7 20. Rae1 dxc4 21.
Nxc4 Bxd4 22. Rd1 Bxf2+ 0-1

[Event "ODEM U25B 2013"]
[Site "Oberhof GER"]
[Date "2013.05.19"]
[Round "1"]
[White "Frohnhäuser, Simon"]
[Black "Kung, Fanny"]
[Result "1-0"]
[Termination "normal"]
[Board "15"]
[WhiteElo "1418"]
[BlackElo "1052"]
[PlyCount "129"]
[WhiteFideId "16208528"]
[BlackFideId "12987689"]
[EventCountry "GER"]
[EventRounds "9"]
[EventType "swiss"]
[EventDate "2013.05.18"]

1. f4 d5 2. g3 Nf6 3. Bg2 c5 4. Nf3 e6 5. O-O Bd6 6. d3 Nc6 7. Qe1 O-O 8. e4
dxe4 9. dxe4 Bc7 10. Nc3 b6 11. Be3 Bb7 12. Rd1 Qe7 13. h3 Nb4 14. e5 Nfd5 15.
Nxd5 Bxd5 16. Qe2 Rad8 17. a3 Nc6 18. Rfe1 Rd7 19. Kh2 Rfd8 20. c3 a5 21. Qc2
h6 22. Qa4 Na7 23. Qc2 Bb7 24. Qb3 Ba6 25. Nd2 Nc6 26. Bxc6 Rd3 27. Be4 R3d7
28. Bg2 b5 29. Ne4 c4 30. Qc2 b4 31. cxb4 axb4 32. axb4 Qxb4 33. Bc5 Qb5 34.
Bd6 Ba5 35. Rf1 Qb6 36. Nc5 Ra7 37. Nxa6 Rxa6 38. Qxc4 f6 39. Qxe6+ Kh7 40.
Be4+ Kh8 41. Rb1 Qd4 42. Bg2 Bb4 43. Qe7 Bxd6 44. Qxd8+ Kh7 45. exd6 Rxd6 46.
Qe8 f5 47. Qf7 Rf6 48. Qd5 Qxd5 49. Bxd5 Rd6 50. Rbd1 Rb6 51. b3 g6 52. Rfe1
Kg7 53. Re7+ Kf6 54. Re6+ Rxe6 55. Bxe6 Kxe6 56. b4 Ke7 57. b5 g5 58. b6 gxf4
59. gxf4 h5 60. b7 h4 61. b8=Q Ke6 62. Qb6+ Ke7 63. Qc6 Kf7 64. Rd7+ Ke8 65.
Qc8# 1-0

[Event "ODEM U25B 2013"]
[Site "Oberhof GER"]
[Date "2013.05.19"]
[Round "1"]
[White "Zimmer, Luca"]
[Black "Vinogradov, Anatoli"]
[Result "1-0"]
[Termination "normal"]
[Board "16"]
[WhiteElo "1049"]
[BlackElo "1410"]
[PlyCount "63"]
[WhiteFideId "12921424"]
[BlackFideId "12977802"]
[EventCountry "GER"]
[EventRounds "9"]
[EventType "swiss"]
[EventDate "2013.05.18"]

1. e4 e5 2. Nf3 Nc6 3. Bc4 Bc5 4. c3 Nf6 5. d4 exd4 6. cxd4 Bb4+ 7. Bd2 Bxd2+
8. Nbxd2 d5 9. Bd3 dxe4 10. Nxe4 Nxe4 11. Bxe4 Qe7 12. O-O O-O 13. Re1 Qb4 14.
Re3 Bg4 15. a3 Qd6 16. d5 Ne5 17. Qd4 Nxf3+ 18. Bxf3 Bxf3 19. Rxf3 c5 20. Qd3
Rad8 21. Rd1 Rfe8 22. Re3 Rxe3 23. fxe3 Qe5 24. Qc3 Qxc3 25. bxc3 f5 26. Kf2
Kf7 27. a4 Kf6 28. Kf3 Ke5 29. c4 a6 30. Rb1 Rb8 31. Rb6 g5 32. Re6# 1-0

[Event "ODEM U25B 2013"]
[Site "Oberhof GER"]
[Date "2013.05.19"]
[Round "1"]
[White "Rank, Thomas"]
[Black "Rüpke, Yannick"]
[Result "1-0"]
[Termination "normal"]
[Board "17"]
[WhiteElo "1407"]
[BlackElo "1038"]
[PlyCount "47"]
[WhiteFideId "12967351"]
[EventCountry "GER"]
[EventRounds "9"]
[EventType "swiss"]
[EventDate "2013.05.18"]

1. e4 e6 2. d4 d5 3. Nc3 Bb4 4. Bd2 Nc6 5. a3 Bxc3 6. bxc3 dxe4 7. Qg4 g6 8.
Qxe4 Nf6 9. Qh4 Nd5 10. Qe4 Nf6 11. Qf3 Ne7 12. Qxf6 Rg8 13. Bd3 Bd7 14. Rb1
Bc6 15. Nf3 Qd6 16. Rb3 O-O-O 17. O-O Rdf8 18. Bf4 Qd7 19. Ne5 Qd5 20. f3 Nf5
21. Be4 Qd6 22. Bxc6 bxc6 23. Rfb1 c5 24. Rb8# 1-0

[Event "ODEM U25B 2013"]
[Site "Oberhof GER"]
[Date "2013.05.19"]
[Round "1"]
[White "Kalina, Joshua"]
[Black "Granzin, David"]
[Result "0-1"]
[Termination "normal"]
[Board "18"]
[WhiteElo "1021"]
[BlackElo "1391"]
[PlyCount "90"]
[BlackFideId "12922145"]
[EventCountry "GER"]
[EventRounds "9"]
[EventType "swiss"]
[EventDate "2013.05.18"]

1. e4 d5 2. exd5 Nf6 3. Nf3 Nxd5 4. Bc4 Nb6 5. Ne5 Nxc4 6. Nxc4 Be6 7. Ne5 Qd5
8. Nf3 Qe4+ 9. Qe2 Qxc2 10. O-O Bc4 11. Qd1 Qxd1 12. Rxd1 Be2 13. Re1 Bxf3 14.
gxf3 Nc6 15. Nc3 Nd4 16. Re4 Nxf3+ 17. Kg2 Ng5 18. Re2 O-O-O 19. d4 Rxd4 20.
Bxg5 Rg4+ 21. Kf1 Rxg5 22. Rd1 e6 23. Ne4 Rd5 24. Rc1 Be7 25. Nc3 Rc5 26. Rcc2
Rd8 27. Re3 Bf6 28. Ke2 Bxc3 29. Rcxc3 Rdd5 30. Ra3 a6 31. Rg3 g6 32. Rh3 Rh5
33. Rhf3 Rcf5 34. Rxf5 Rxf5 35. Rd3 Rb5 36. b3 Rd5 37. Rf3 Rf5 38. Rd3 Rh5 39.
h3 Rc5 40. Rd2 Rd5 41. Rc2 Kd7 42. Rc3 Kd6 43. Rf3 f5 44. h4 Rd4 45. h5 g5 0-1

[Event "ODEM U25B 2013"]
[Site "Oberhof GER"]
[Date "2013.05.19"]
[Round "1"]
[White "Reyher, Susan"]
[Black "Kluge, Helene"]
[Result "1-0"]
[Termination "normal"]
[Board "19"]
[WhiteElo "1382"]
[BlackElo "1020"]
[PlyCount "119"]
[WhiteFideId "24686107"]
[BlackFideId "12983179"]
[EventCountry "GER"]
[EventRounds "9"]
[EventType "swiss"]
[EventDate "2013.05.18"]

1. e4 c5 2. Nf3 Nc6 3. d4 cxd4 4. Nxd4 g6 5. Nc3 d6 6. Be3 Nf6 7. Bc4 Bg7 8.
Bb3 O-O 9. O-O Bd7 10. Re1 Re8 11. h3 a6 12. Qf3 Qc8 13. Rad1 Ne5 14. Qg3 b5
15. f4 Nc4 16. Bxc4 Qxc4 17. a3 e5 18. fxe5 dxe5 19. Nf3 Nh5 20. Qf2 Bc6 21.
Nd2 Qe6 22. Bc5 Nf4 23. Qg3 Nh5 24. Qe3 Nf6 25. Nf3 Nd7 26. Rd6 Qe7 27. Rxc6
Nxc5 28. Rxc5 Bf8 29. Rd5 Qf6 30. Qg5 Qxg5 31. Nxg5 h6 32. Nf3 Bg7 33. Rc5 Rac8
34. Rxc8 Rxc8 35. Rd1 Bf6 36. Rd6 Kg7 37. Rxa6 Rc4 38. Rb6 h5 39. Rxb5 Rc7 40.
a4 Re7 41. Nd5 Rd7 42. Nxf6 Kxf6 43. a5 Ra7 44. Rb6+ Kg7 45. a6 Ra8 46. c4 Kf8
47. c5 Ke8 48. c6 Kd8 49. Nxe5 Kc7 50. Nd7 Ra7 51. Rb7+ Rxb7 52. axb7 Kxc6 53.
b8=Q Kxd7 54. Qb6 Ke7 55. Kf2 Kf8 56. Kf3 Kg7 57. Kf4 Kh6 58. Qd8 Kg7 59. Kg5
f6+ 60. Qxf6+ 1-0

[Event "ODEM U25B 2013"]
[Site "Oberhof GER"]
[Date "2013.05.19"]
[Round "1"]
[White "Reif, Richard"]
[Black "Rose, Luis Stratos"]
[Result "0-1"]
[Termination "normal"]
[Board "20"]
[WhiteElo "1016"]
[BlackElo "1380"]
[PlyCount "122"]
[WhiteFideId "12983764"]
[BlackFideId "12976008"]
[EventCountry "GER"]
[EventRounds "9"]
[EventType "swiss"]
[EventDate "2013.05.18"]

1. e4 g6 2. Nc3 Bg7 3. Nf3 Nc6 4. d4 d6 5. Bc4 Nf6 6. O-O O-O 7. e5 Ne8 8. Re1
dxe5 9. dxe5 Qxd1 10. Nxd1 Bg4 11. e6 f5 12. Ng5 Bxd1 13. Rxd1 Nd6 14. Bd5 Rab8
15. a3 h6 16. Nf7 g5 17. Nxd6 cxd6 18. Rb1 f4 19. f3 Rbc8 20. c4 Bd4+ 21. Kf1
Bb6 22. g4 a5 23. b4 axb4 24. axb4 Rb8 25. Ba3 Rfc8 26. c5 dxc5 27. bxc5 Ba5
28. Rb5 Bc3 29. Rdb1 Nd4 30. Rxb7 Rxb7 31. Rxb7 Ra8 32. Bb4 Bxb4 33. Rxb4 Nc2
34. Rb2 Ne3+ 35. Kf2 Nxd5 36. Rb5 Rc8 37. c6 Nc7 38. Rb7 Nxe6 39. Rxe7 Rxc6 40.
Re8+ Kf7 41. Ra8 Rc2+ 42. Kg1 Nd4 43. Ra3 Ke6 44. Rd3 Kd5 45. Ra3 Rc3 46. Rxc3
Ne2+ 47. Kg2 Nxc3 48. Kf2 Kd4 49. Kg2 Ke3 50. Kh3 Ne2 51. Kg2 Nd4 52. Kh3 Nxf3
53. Kg2 Ke2 54. Kh3 Nxh2 55. Kg2 f3+ 56. Kg1 f2+ 57. Kxh2 f1=Q 58. Kg3 Qf3+ 59.
Kh2 Qxg4 60. Kh1 Kf2 61. Kh2 Qg2# 0-1

[Event "ODEM U25B 2013"]
[Site "Oberhof GER"]
[Date "2013.05.19"]
[Round "1"]
[White "Usczeck, Alina"]
[Black "Hacklinger, Leon"]
[Result "1-0"]
[Termination "normal"]
[Board "21"]
[WhiteElo "1380"]
[BlackElo "1008"]
[PlyCount "79"]
[WhiteFideId "12938114"]
[BlackFideId "16205111"]
[EventCountry "GER"]
[EventRounds "9"]
[EventType "swiss"]
[EventDate "2013.05.18"]

1. e4 e6 2. d3 d5 3. Nd2 c5 4. Ngf3 Nc6 5. g3 Bd6 6. Bg2 Nf6 7. O-O Bc7 8. Re1
O-O 9. h4 h6 10. Nf1 Re8 11. N1h2 d4 12. Kh1 e5 13. Ng1 Be6 14. Bh3 Qd7 15.
Bxe6 Qxe6 16. a3 Ba5 17. Rf1 c4 18. Qe2 cxd3 19. cxd3 Qb3 20. Qd1 Qb5 21. Qf3
Bb6 22. b4 Qa6 23. Bd2 Bd8 24. Rfd1 Be7 25. Ng4 Nh5 26. Bxh6 g6 27. Bd2 Rf8 28.
Nh3 Kh7 29. Ng5+ Kh8 30. Nxf7+ Kg8 31. Ngh6+ Kg7 32. Qg4 Qxd3 33. Bg5 Qc2 34.
Bxe7 Nxe7 35. Kg2 Nf6 36. Qf3 Neg8 37. Rdc1 Qa4 38. Nxg8 Rxf7 39. Nxf6 Rxf6 40.
Rc7+ 1-0

[Event "ODEM U25B 2013"]
[Site "Oberhof GER"]
[Date "2013.05.19"]
[Round "1"]
[White "Breitzmann, Thorge"]
[Black "Hinrichs, Niklas"]
[Result "0-1"]
[Termination "normal"]
[Board "22"]
[WhiteElo "1000"]
[BlackElo "1373"]
[PlyCount "123"]
[BlackFideId "12942499"]
[EventCountry "GER"]
[EventRounds "9"]
[EventType "swiss"]
[EventDate "2013.05.18"]

1. d4 d5 2. c4 e6 3. Nc3 c6 4. Nf3 Nf6 5. Bg5 Be7 6. e3 O-O 7. Bd3 Nbd7 8. O-O
b6 9. Qb3 Bd6 10. e4 dxe4 11. Nxe4 Be7 12. Rac1 Nxe4 13. Bxe7 Qxe7 14. Bxe4 Bb7
15. Nd2 Nf6 16. Bf3 Rfd8 17. Qe3 Rd7 18. Rfd1 Rad8 19. Nb3 Ne8 20. c5 b5 21. a3
Nc7 22. h3 Ba8 23. Na5 Nd5 24. Bxd5 Rxd5 25. b4 Qf6 26. Nb3 Kf8 27. Rc3 Qg6 28.
Rcd3 Rg5 29. Qf3 Rdd5 30. g4 h5 31. Qf4 Rd8 32. Qc7 Ke8 33. Rg3 hxg4 34. hxg4
Rxg4 35. Rdd3 Qxd3 36. Rxg4 Qd1+ 37. Kh2 Qxg4 38. Qg3 Qh5+ 39. Kg2 Qg6 40. Qxg6
fxg6 41. Kf3 Ke7 42. Ke4 Rf8 43. f4 Rh8 44. Nd2 Rh1 45. Nf3 Ra1 46. Ne5 Rxa3
47. Nxg6+ Kf6 48. Ne5 a5 49. Ng4+ Ke7 50. bxa5 Rxa5 51. Ne5 Ra1 52. Nd3 Rd1 53.
Nb4 Re1+ 54. Kd3 Kf6 55. Kd2 Re4 56. Nc2 Rxf4 57. Ke3 g5 58. Ne1 Kf5 59. Nd3
Re4+ 60. Kd2 Rxd4 61. Ke3 Rxd3+ 62. Kxd3 0-1

[Event "ODEM U25B 2013"]
[Site "Oberhof GER"]
[Date "2013.05.19"]
[Round "1"]
[White "Schmidt, Alexandra"]
[Black "Arnold, Alexandria"]
[Result "1-0"]
[Termination "normal"]
[Board "23"]
[WhiteElo "1512"]
[BlackElo "999"]
[PlyCount "71"]
[WhiteFideId "12946036"]
[BlackFideId "16205383"]
[EventCountry "GER"]
[EventRounds "9"]
[EventType "swiss"]
[EventDate "2013.05.18"]

1. e4 e5 2. Nf3 Nc6 3. Bc4 Bc5 4. c3 Nf6 5. d3 d6 6. Bb3 Be6 7. Bc2 Ng4 8. d4
exd4 9. cxd4 Bb4+ 10. Nc3 d5 11. O-O dxe4 12. Bxe4 Ne7 13. Qa4+ Nc6 14. Bxc6+
bxc6 15. Qxb4 Nf6 16. Bg5 h6 17. Bxf6 Qxf6 18. Ne4 Qf4 19. Rfe1 Qg4 20. h3 Qg6
21. Ne5 Qf5 22. Nxc6 Kd7 23. Ne5+ Kc8 24. Rac1 Rb8 25. Nd6+ Kd8 26. Qxb8+ Ke7
27. Qxc7+ Kf6 28. Nxf5 Kxf5 29. Rc5 Rc8 30. Nd3+ Kf6 31. Qf4+ Ke7 32. Rxc8 g5
33. Qc7+ Kf6 34. Qd8+ Kg6 35. Ne5+ Kg7 36. Qh8# 1-0